书目信息 |
| 题名: |
预制混凝土结构
|
|
| 作者: | 施坦勒 , 巴赫曼 著 ;李晨光 译 | |
| 分册: | ||
| 出版信息: | 北京 中国建筑工业出版社 2016.01 |
|
| 页数: | 207页 | |
| 开本: | 26cm | |
| 丛书名: | ||
| 单 册: | ||
| 中图分类: | TU37 | |
| 科图分类: | ||
| 主题词: | 混凝土结构--hun ning tu jie gou--预制结构 | |
| 电子资源: | ||
| ISBN: | 978-7-112-18548-1 | |
| 000 | 01332nam0 2200265 450 | |
| 001 | CAL 0120161765060 | |
| 005 | 20190311170756.61 | |
| 010 | @a978-7-112-18548-1@dCNY49.00 | |
| 100 | @a20160615d2016 em y0chiy50 ea | |
| 101 | 1 | @achi@cger |
| 102 | @aCN@b110000 | |
| 105 | @aak a 000yy | |
| 200 | 1 | @a预制混凝土结构@Ayu zhi hun ning tu jie gou@f(德) 休伯特·巴赫曼, 阿尔弗雷德·施坦勒著@d= Precast concrete structures@fHubert Bachmann, Alfred Steinle@g李晨光等译@zeng |
| 210 | @a北京@c中国建筑工业出版社@d2016.01 | |
| 215 | @a207页@c图@d26cm | |
| 320 | @a有书目 (第191-204页) | |
| 330 | @a本著作基于欧洲 (特别是德国) 的预制混凝土结构技术体系, 围绕预制混凝土结构的相关技术标准、预制混凝土结构设计理论与基本原理、设计计算方法、节点构造设计做法和工厂生产制作要求等展开了系统的论述, 反映了预制混凝土结构设计与施工的发展历程。对采用预制混凝土构件建造的建筑有概括性描述。对预制混凝土结构设计的边界条件、外墙板设计、现行设计专题以及预制混凝土结构的稳定性进行了深入细致的阐述。 | |
| 510 | 1 | @aPrecast concrete structures@zeng |
| 606 | 0 | @a混凝土结构@Ahun ning tu jie gou@x预制结构 |
| 690 | @aTU37@v5 | |
| 701 | 1 | @a施坦勒@Ashi tan le@g(Steinle, Alfred)@4著 |
| 701 | 1 | @a巴赫曼@Aba he man@g(Bachmann, Hubert)@4著 |
| 702 | 0 | @a李晨光@Ali chen guang@4译 |
| 801 | 0 | @aCN@c20160615 |
| 905 | @a河南城建学院图书馆@dTU37@eB034@f3 | |
| 预制混凝土结构/(德) 休伯特·巴赫曼, 阿尔弗雷德·施坦勒著= Precast concrete structures/Hubert Bachmann, Alfred Steinle/李晨光等译.-北京:中国建筑工业出版社,2016.01 |
| 207页:图;26cm |
| ISBN 978-7-112-18548-1:CNY49.00 |
| 本著作基于欧洲 (特别是德国) 的预制混凝土结构技术体系, 围绕预制混凝土结构的相关技术标准、预制混凝土结构设计理论与基本原理、设计计算方法、节点构造设计做法和工厂生产制作要求等展开了系统的论述, 反映了预制混凝土结构设计与施工的发展历程。对采用预制混凝土构件建造的建筑有概括性描述。对预制混凝土结构设计的边界条件、外墙板设计、现行设计专题以及预制混凝土结构的稳定性进行了深入细致的阐述。 |
| ● |
| 相关链接 |
|
|
|
正题名:预制混凝土结构
索取号:TU37/B034
 
预约/预借
| 序号 | 登录号 | 条形码 | 馆藏地/架位号 | 状态 | 备注 |
| 1 | 1244352 | 212443523 | 建筑库101/101建筑库 84排3列5层/ [索取号:TU37/B034] | 在馆 | |
| 2 | 1262592 | 212625925 | 建筑库101/101建筑库 84排3列5层/ [索取号:TU37/B034] | 在馆 | |
| 3 | 1262593 | 212625934 | 建筑库101/101建筑库 84排3列5层/ [索取号:TU37/B034] | 在馆 | |
| 4 | 1262594 | 212625943 | 建筑库101/101建筑库 84排3列5层/ [索取号:TU37/B034] | 在馆 |